[Event "World Blitz 2025"]
[Site "Doha QAT"]
[Date "2025.12.30"]
[Round "19.101"]
[White "Galaviz Medina, Sion Radamantys"]
[Black "Ibarra Jerez, Jose Carlos"]
[Result "1-0"]
[WhiteTitle "IM"]
[BlackTitle "GM"]
[WhiteElo "2514"]
[BlackElo "2532"]
[WhiteFideId "5123119"]
[BlackFideId "2226332"]
[EventDate "2025.12.29"]

1. d4 Nf6 2. c4 d6 3. Nc3 e5 4. d5 Bf5 5. Nf3 h6 6. g3 Nbd7 7. Bg2 Be7 8. O-O
Bh7 9. Nd2 O-O 10. e4 c6 11. Qe2 a6 12. Rd1 cxd5 13. cxd5 b5 14. Nb3 Rc8 15. f3
Qc7 16. Be3 Bd8 17. Rdc1 Qb8 18. Bh3 Rc4 19. Nd1 Nb6 20. Na5 Rc7 21. Nc6 Qb7 22.
b3 Nfd7 23. a4 Nc5 24. Bxc5 dxc5 25. axb5 axb5 26. Ra7 Qxa7 27. Nxa7 Rxa7 28.
Qxb5 Ra2 29. Ne3 Bg5 30. Re1 Rb8 31. Nc4 Bd2 32. Nxd2 Rxd2 33. Qxc5 Bg6 34. Qc7 1-0

[Event "World Blitz 2025"]
[Site "Doha QAT"]
[Date "2025.12.30"]
[Round "19.102"]
[White "Petrov, Nikita"]
[Black "Urkedal, Frode Olav Olsen"]
[Result "0-1"]
[WhiteTitle "GM"]
[BlackTitle "GM"]
[WhiteElo "2578"]
[BlackElo "2568"]
[WhiteFideId "4101286"]
[BlackFideId "1506102"]
[EventDate "2025.12.29"]

1. a3 Nf6 2. d4 g6 3. Nc3 d5 4. Bf4 Bg7 5. Nb5 Na6 6. e3 O-O 7. Be2 Ne4 8. Nf3
c6 9. Nc3 Qa5 10. Bd3 Nxc3 11. Qd2 c5 12. bxc3 Nb8 13. c4 Qxd2+ 14. Kxd2 cxd4
15. exd4 dxc4 16. Bxc4 Nc6 17. c3 Bg4 18. Rhe1 Bxf3 19. gxf3 Rfd8 20. Be3 e5 21.
d5 Ne7 22. Bg5 f6 23. Kc2 Rac8 24. Bb3 Nxd5 25. Rad1 Rxc3+ 26. Kb2 Rxb3+ 27.
Kxb3 fxg5 28. Re3 a5 29. Red3 a4+ 30. Kxa4 Ra8+ 31. Kb3 Ne7 32. Rd8+ Rxd8 33.
Rxd8+ Kf7 34. Rb8 Ke6 35. Rxb7 Bf6 36. a4 h5 37. a5 Nc6 38. a6 e4 39. Rb6 Kd7
40. fxe4 Bd4 41. Rb7+ Ke6 42. f3 g4 43. fxg4 hxg4 44. Kc4 Bg1 45. Rg7 Kf6 46.
Rg8 Bxh2 47. Rc8 Na7 48. Rb8 g3 49. Rb2 Bg1 50. Rg2 Bf2 51. Kd5 Ke7 52. Ke5 Nb5
53. Kf4 Kf6 54. e5+ Ke6 55. Ke4 Na7 56. Kf4 Nc6 57. Ke4 g5 58. Kf3 Kxe5 59. Kg4
Kf6 60. Kf3 Kf5 61. Ke2 Kf4 0-1

[Event "World Blitz 2025"]
[Site "Doha QAT"]
[Date "2025.12.30"]
[Round "19.103"]
[White "Kevlishvili, Robby"]
[Black "Bilguun, Sumiya"]
[Result "1-0"]
[WhiteTitle "GM"]
[BlackTitle "GM"]
[WhiteElo "2527"]
[BlackElo "2442"]
[WhiteFideId "1040634"]
[BlackFideId "4901541"]
[EventDate "2025.12.29"]

1. e4 c5 2. Nf3 d6 3. d4 cxd4 4. Nxd4 Nf6 5. Nc3 a6 6. g3 Nc6 7. Bg2 Bd7 8. O-O
e6 9. Re1 Rc8 10. Nde2 Be7 11. b3 Qc7 12. Bb2 b5 13. Rc1 Ne5 14. h3 g5 15. Nd4
h5 16. Nce2 h4 17. g4 Ng6 18. Qd2 Qb6 19. Kh1 Ne5 20. Ng1 Rg8 21. Ngf3 Nxf3 22.
Nxf3 e5 23. Nh2 Be6 24. Nf1 Qb7 25. Ba3 Rd8 26. c4 bxc4 27. bxc4 Rd7 28. Ne3 d5
29. Bxe7 dxe4 30. Bd6 Qc6 31. c5 Rh8 32. Qc3 Nd5 33. Nxd5 Qxd5 34. Bxe4 Qxa2 35.
Qxe5 Rg8 36. Qf6 Qd2 37. Bc6 1-0

[Event "World Blitz 2025"]
[Site "Doha QAT"]
[Date "2025.12.30"]
[Round "19.104"]
[White "Ibrahimli, Murad"]
[Black "Zhang, Zhong"]
[Result "1-0"]
[WhiteTitle "IM"]
[BlackTitle "GM"]
[WhiteElo "2438"]
[BlackElo "2561"]
[WhiteFideId "13410229"]
[BlackFideId "8600694"]
[EventDate "2025.12.29"]

1. d4 f5 2. Nc3 g6 3. h4 Nf6 4. h5 gxh5 5. Bg5 e6 6. e4 h6 7. Bh4 d6 8. Bd3 Nc6
9. Nf3 fxe4 10. Bxe4 Be7 11. Bg6+ Kd7 12. Qe2 Qg8 13. Bd3 Nb4 14. O-O-O c6 15.
Kb1 Kc7 16. Bg3 Bd7 17. a3 Nbd5 18. Ne4 b5 19. Nc5 Re8 20. Rhe1 Bf8 21. Qd2 Kc8
22. Nxd7 Nxd7 23. Qa5 Kb7 24. c4 bxc4 25. Bxc4 Nb8 26. Rc1 Nb6 27. Bd3 Qf7 28.
Rc2 Rc8 29. Rec1 Rg8 30. Ka1 Rc7 31. Nd2 Rg5 32. Qb4 a5 33. Qb3 e5 34. Qxf7 Rxf7
35. dxe5 dxe5 36. Nf3 Rxf3 37. gxf3 Nd5 38. Be4 Na6 39. Rxc6 1-0

[Event "World Blitz 2025"]
[Site "Doha QAT"]
[Date "2025.12.30"]
[Round "19.105"]
[White "Altini, Nicola"]
[Black "Akobian, Varuzhan"]
[Result "0-1"]
[WhiteTitle "IM"]
[BlackTitle "GM"]
[WhiteElo "2360"]
[BlackElo "2549"]
[WhiteFideId "833924"]
[BlackFideId "13300580"]
[EventDate "2025.12.29"]

1. d4 e6 2. c4 f5 3. Nf3 Nf6 4. g3 d5 5. Bg2 c6 6. O-O Bd6 7. b3 Qe7 8. a4 a5 9.
Ba3 O-O 10. Bxd6 Qxd6 11. Nbd2 Bd7 12. Ne5 Be8 13. Qc2 Nbd7 14. cxd5 cxd5 15.
Ndf3 Bh5 16. Nxd7 Qxd7 17. Ne5 Rfc8 18. Qd2 Qd6 19. Rfc1 b6 20. f3 Nd7 21. Nd3
Bf7 22. g4 fxg4 23. fxg4 Bg6 24. Nf4 Nf6 25. Qe3 Re8 26. g5 Nh5 27. Nxh5 Bxh5
28. Rc3 e5 29. Rac1 e4 30. Rc6 Qb4 31. Rc7 Re7 32. h4 Rxc7 33. Rxc7 Qe1+ 34. Bf1
Rf8 35. Qh3 Qf2+ 36. Kh1 Qxf1+ 37. Qxf1 Rxf1+ 38. Kg2 Bxe2 39. Rd7 Rd1 40. Rxd5
Bf3+ 41. Kf2 Rd2+ 42. Kg3 Rd3 43. Kf4 Rxb3 44. Rd8+ Kf7 45. Rd7+ Kg6 46. Rd6+
Kh5 47. Rd7 Kxh4 48. Rxg7 Kh3 49. Rxh7+ Kg2 50. g6 e3 51. g7 Bd5 52. Rh5 Bg8 53.
Re5 Kf2 54. Re8 Bc4 55. Rc8 Bd5 56. Rd8 e2 57. Rxd5 Rf3+ 58. Ke5 e1=Q+ 59. Kd6
Rf6+ 0-1

[Event "World Blitz 2025"]
[Site "Doha QAT"]
[Date "2025.12.30"]
[Round "19.106"]
[White "Lodici, Lorenzo"]
[Black "Raja, Rithvik R"]
[Result "1-0"]
[WhiteTitle "GM"]
[BlackTitle "GM"]
[WhiteElo "2590"]
[BlackElo "2541"]
[WhiteFideId "884189"]
[BlackFideId "35007394"]
[EventDate "2025.12.29"]

1. e4 c5 2. Nf3 d6 3. d4 cxd4 4. Nxd4 Nf6 5. Nc3 a6 6. f4 e5 7. Nb3 Nc6 8. f5 d5
9. Bg5 Bb4 10. exd5 Qxd5 11. Bxf6 Qxd1+ 12. Rxd1 gxf6 13. Bd3 Rg8 14. O-O Bxc3
15. bxc3 Ke7 16. Be4 Rb8 17. Rd3 Rd8 18. Rh3 Rh8 19. Rh6 Bd7 20. Nc5 Bc8 21. Rf3
Na5 22. Rfh3 Nc4 23. Rxh7 Rxh7 24. Rxh7 Nd6 25. Rh8 Ra8 26. h4 Ra7 27. h5 b6 28.
h6 Nxe4 29. Rxc8 Ng5 30. Ne4 Nh7 31. Rh8 Nf8 32. h7 Nxh7 33. Rxh7 Rc7 34. Kf2
Rc4 35. Ke3 Ra4 36. Rh6 Rxa2 37. Rxf6 Rxc2 38. Rxb6 Rxg2 39. f6+ Kd7 40. Rd6+
Kc7 41. Rxa6 1-0

[Event "World Blitz 2025"]
[Site "Doha QAT"]
[Date "2025.12.30"]
[Round "19.107"]
[White "Sahidi, Samir"]
[Black "Al Hosani, Omran"]
[Result "1-0"]
[WhiteTitle "IM"]
[BlackTitle "IM"]
[WhiteElo "2516"]
[BlackElo "2340"]
[WhiteFideId "14936372"]
[BlackFideId "9308733"]
[EventDate "2025.12.29"]

1. e4 e6 2. d4 d5 3. Nd2 Nc6 4. Ngf3 Nf6 5. e5 Nd7 6. c3 f6 7. exf6 Qxf6 8. Bd3
Bd6 9. Nf1 O-O 10. Bg5 Qf7 11. Be3 h6 12. Ng3 e5 13. dxe5 Ndxe5 14. Nxe5 Nxe5
15. O-O Nxd3 16. Qxd3 c6 17. Rfe1 Bd7 18. f3 h5 19. Bg5 Rae8 20. Nf1 Bf5 21. Qd2
Qg6 22. h4 Bc7 23. Rxe8 Rxe8 24. Re1 Rxe1 25. Qxe1 Qe6 26. Qd2 Bg6 27. a3 Kh7
28. Bf4 Bd8 29. Bg3 c5 30. Bf2 b6 31. Ne3 Bf7 32. Qd3+ g6 33. Nf1 Bf6 34. Qd2
Qf5 35. Kh2 Bg7 36. Ne3 Qf4+ 37. Bg3 Qh6 38. Qe2 d4 39. cxd4 cxd4 40. Nc4 Qc1
41. Nd6 Bg8 42. Qe7 Qh6 1-0

[Event "World Blitz 2025"]
[Site "Doha QAT"]
[Date "2025.12.30"]
[Round "19.108"]
[White "Davtyan, Artur"]
[Black "Krallis, Christos"]
[Result "1-0"]
[WhiteTitle "IM"]
[BlackTitle "IM"]
[WhiteElo "2474"]
[BlackElo "2416"]
[WhiteFideId "13308327"]
[BlackFideId "4298896"]
[EventDate "2025.12.29"]

1. e4 e5 2. Nf3 Nc6 3. Bc4 Bc5 4. O-O Nf6 5. d3 a6 6. a4 Ba7 7. Be3 d6 8. Nbd2
O-O 9. a5 Be6 10. h3 Bxe3 11. fxe3 d5 12. exd5 Bxd5 13. e4 Bxc4 14. Nxc4 Qe7 15.
Qe1 Rfe8 16. Qf2 Nh5 17. Kh2 h6 18. Nh4 g6 19. g4 Nf4 20. Ng2 Ne6 21. Nge3 Rf8
22. Nd5 Qg5 23. Qg3 h5 24. Nf6+ Kh8 25. h4 Qh6 26. g5 Qg7 27. Nxe5 Nxe5 28. Qxe5
Rad8 29. Rf2 c5 30. Raf1 c4 31. dxc4 Rd4 32. b3 Rfd8 33. Kh1 Nf8 34. Qe7 Ne6 35.
Qxb7 Qf8 36. Nd5 Rxe4 37. Rh2 Kg7 38. Qa7 Re5 39. Rhf2 Rf5 40. Rxf5 gxf5 41.
Rxf5 Rc8 42. Qf2 Rd8 43. Re5 Qa3 44. Rxe6 Rxd5 45. Qf6+ 1-0

[Event "World Blitz 2025"]
[Site "Doha QAT"]
[Date "2025.12.30"]
[Round "19.77"]
[White "Aditya, Mittal"]
[Black "Kuandykuly, Danis"]
[Result "0-1"]
[WhiteTitle "GM"]
[BlackTitle "FM"]
[WhiteElo "2624"]
[BlackElo "2372"]
[WhiteFideId "35042025"]
[BlackFideId "13752260"]
[EventDate "2025.12.29"]

1. d4 Nf6 2. c4 e6 3. Nc3 Bb4 4. f3 d5 5. a3 Bxc3+ 6. bxc3 c5 7. cxd5 Nxd5 8.
dxc5 Qa5 9. e4 Ne7 10. Be3 O-O 11. Qb3 Nec6 12. a4 Nd7 13. Bb5 a6 14. Bxc6 bxc6
15. Ne2 Rb8 16. Qc2 e5 17. O-O Nxc5 18. f4 Be6 19. fxe5 Bb3 20. Qd2 Bc4 21. Rae1
Rfd8 22. Bd4 Ne6 23. Qc1 c5 24. Be3 Qxa4 25. Nf4 Bxf1 26. Rxf1 Nxf4 27. Bxf4
Qxe4 28. e6 Rb7 29. Bg5 Re8 30. Re1 Qc6 31. exf7+ Rxf7 32. Rd1 h6 33. Be3 Rfe7
34. Bf4 Re2 0-1

[Event "World Blitz 2025"]
[Site "Doha QAT"]
[Date "2025.12.30"]
[Round "19.78"]
[White "Cunha, Lucas Aguiar"]
[Black "Tran, Thanh Tu"]
[Result "0-1"]
[WhiteTitle "FM"]
[BlackTitle "IM"]
[WhiteElo "2263"]
[BlackElo "2402"]
[WhiteFideId "2125404"]
[BlackFideId "12401404"]
[EventDate "2025.12.29"]

1. e4 Nc6 2. Nf3 d6 3. d4 Nf6 4. Nc3 g6 5. d5 Nb8 6. h3 Bg7 7. Bc4 O-O 8. O-O a6
9. a4 c6 10. Re1 Nfd7 11. Bf4 a5 12. Qd2 Re8 13. Rad1 Qb6 14. dxc6 bxc6 15. e5
d5 16. Bb3 e6 17. Bh6 Bh8 18. Qf4 Nc5 19. Qh4 Ra7 20. Bg5 Nbd7 21. Be3 Bg7 22.
Ng5 h6 23. Nf3 Qd8 24. Qg3 Rb7 25. h4 Nxb3 26. cxb3 Rxb3 27. h5 Nf8 28. Ne4 dxe4
29. Rxd8 Rxd8 30. hxg6 exf3 31. gxf7+ Kxf7 32. Qxf3+ Kg8 33. Qxc6 Bd7 34. Qc7
Ra8 35. Bc5 Bxa4 36. Re4 Be8 37. Rg4 Ng6 38. Be7 Rab8 39. Bf6 R3b7 40. Qd6 Bf7
41. Bxg7 Kxg7 42. Qd2 Rxb2 43. Qxa5 R2b5 44. Qc3 Rb3 45. Qc7 Rb1+ 46. Kh2 R1b4
47. f4 R8b7 48. Qc8 Rb8 49. Qc7 R4b7 50. Qc1 h5 51. Rg5 h4 52. f5 exf5 53. Rxf5
Rb6 54. Qc3 Re6 55. Rf6 Rxf6 56. exf6+ Kg8 57. Qd4 Re8 58. Qg4 Re6 59. Qg5 Kf8
60. Qc5+ Kg8 61. Qg5 Rd6 62. Kg1 Rd1+ 63. Kh2 Rd6 64. Kg1 Re6 65. Qf5 Nf8 66.
Qf4 Bg6 67. Qxh4 Kf7 68. Qc4 Kxf6 69. Qc5 Nd7 70. Qd4+ Ke7 71. Qg7+ Bf7 72. Qg5+
Rf6 73. Qe3+ Be6 74. Qd4 Kf7 75. Qd3 Ne5 76. Qh7+ Kf8 77. Qh8+ Ke7 78. Qg7+ Bf7
79. Qg3 Ke6 80. Qb3+ Kf5 81. Qc2+ Kg5 82. Qe2 Ng4 83. Qd2+ Kh5 84. Qe2 Rf5 85.
Qd1 Re5 86. Qb1 Bg6 87. Qd1 Rb5 0-1

[Event "World Blitz 2025"]
[Site "Doha QAT"]
[Date "2025.12.30"]
[Round "19.79"]
[White "Murshed, Niaz"]
[Black "Medhus, Vitus Bondo"]
[Result "1-0"]
[WhiteTitle "GM"]
[BlackTitle "FM"]
[WhiteElo "2341"]
[BlackElo "2387"]
[WhiteFideId "10200010"]
[BlackFideId "1462547"]
[EventDate "2025.12.29"]

1. d4 Nf6 2. c4 c5 3. d5 b5 4. cxb5 a6 5. bxa6 e6 6. Nc3 exd5 7. Nxd5 Nxa6 8.
Nxf6+ Qxf6 9. Nf3 c4 10. e4 Bb4+ 11. Bd2 Qxb2 12. Bxc4 Bxd2+ 13. Nxd2 O-O 14.
O-O Qd4 15. Bd5 Ra7 16. Nb3 Qf6 17. Qd2 Bb7 18. Rfd1 Bxd5 19. Qxd5 Rfa8 20. e5
Qg6 21. a3 h6 22. Nd4 Nb4 23. Qb3 Nc6 24. Nxc6 Qxc6 25. h3 Qc5 26. Qb2 Re8 27.
Re1 Ra5 28. Rad1 Qc7 29. f4 Qa7+ 30. Qf2 Rxa3 31. Rd4 Ra2 32. Qe3 Rc8 33. f5
Rcc2 34. Rg4 Rc1 35. Kh2 Rxe1 36. Qxe1 Qa5 37. Qg3 Kf8 38. Rxg7 Qd5 39. Rg8+ Ke7
40. Qh4+ f6 41. Qxf6# 1-0

[Event "World Blitz 2025"]
[Site "Doha QAT"]
[Date "2025.12.30"]
[Round "19.80"]
[White "Chanda, Sandipan"]
[Black "Assylov, Miras"]
[Result "0-1"]
[WhiteTitle "GM"]
[BlackTitle "FM"]
[WhiteElo "2490"]
[BlackElo "2393"]
[WhiteFideId "5004225"]
[BlackFideId "13728873"]
[EventDate "2025.12.29"]

1. d4 Nf6 2. Nf3 g6 3. Nbd2 Bg7 4. e4 d6 5. Bd3 O-O 6. O-O c5 7. c3 cxd4 8. cxd4
Nc6 9. Re1 e5 10. d5 Nb4 11. Bb1 a5 12. a3 Na6 13. Nf1 Nc5 14. Bd2 a4 15. Bc2
Bd7 16. Bb4 b6 17. h3 Nh5 18. Ne3 Nf4 19. h4 Bb5 20. Bxc5 bxc5 21. g3 Nh5 22.
Bd3 Bd7 23. Nd2 Qe7 24. Ndc4 Rfb8 25. Kg2 Bh6 26. Be2 Nf6 27. Bf3 Rb3 28. Qc2
Rab8 29. Rab1 Ra8 30. Rh1 Bb5 31. h5 Bxe3 32. Nxe3 Bd3 33. Qd2 Nxe4 34. Qd1 Bxb1
35. Qxb1 Nd2 36. Qd1 Rxb2 37. hxg6 fxg6 38. Qc1 Rab8 39. Bg4 Ne4 40. Be6+ Kh8
41. Ng4 Qf8 42. Qe3 Nf6 43. Nh6 R8b7 44. g4 R7b3 45. Qe1 Rb7 46. Qe3 R2b3 47.
Qe2 Ne8 48. g5 Ng7 49. Rf1 Nh5 50. Qe4 Qf4 51. Re1 Qxe4+ 52. Rxe4 Nf4+ 53. Kh2
Kg7 54. Rxa4 Nxe6 55. dxe6 Rb8 56. Ra6 R3b6 57. Ra7+ R6b7 58. Ra6 Rd8 59. Nf7
Rxf7 60. exf7 Kxf7 61. Ra7+ Ke6 62. Rxh7 Kf5 63. a4 Ra8 64. Rd7 Ra6 65. Kg3 Kxg5
66. Kf3 Kf5 67. Ke3 Ke6 68. Rg7 Rxa4 69. Rxg6+ Kd5 70. f3 Ra3+ 71. Ke2 Ra2+ 72.
Ke3 Ra3+ 73. Ke2 Ra8 74. Rg7 Kd4 0-1

[Event "World Blitz 2025"]
[Site "Doha QAT"]
[Date "2025.12.30"]
[Round "19.81"]
[White "Nikitenko, Mihail"]
[Black "Sharan, Rao"]
[Result "1-0"]
[WhiteTitle "GM"]
[BlackTitle "IM"]
[WhiteElo "2476"]
[BlackElo "2341"]
[WhiteFideId "13506862"]
[BlackFideId "5073464"]
[EventDate "2025.12.29"]

1. d4 d5 2. c4 e6 3. Nf3 h6 4. Nc3 Nf6 5. Bf4 c6 6. e3 Nbd7 7. h3 Be7 8. Rc1 O-O
9. Be2 dxc4 10. Bxc4 b5 11. Bd3 Bb7 12. O-O a6 13. Qe2 c5 14. Rfd1 Qb6 15. Bb1
Rfd8 16. Ne5 cxd4 17. exd4 Nf8 18. Qe3 b4 19. Na4 Qb5 20. Bxh6 gxh6 21. Qg3+ Ng6
22. Bxg6 Qxa4 23. Bc2+ Kf8 24. Bxa4 Ne4 25. Qf4 f5 26. Qxh6+ 1-0

[Event "World Blitz 2025"]
[Site "Doha QAT"]
[Date "2025.12.30"]
[Round "19.82"]
[White "Fandi, Mazen"]
[Black "Aziz, Husain"]
[Result "1-0"]
[WhiteTitle "FM"]
[BlackTitle "IM"]
[WhiteElo "2304"]
[BlackElo "2256"]
[WhiteFideId "7611625"]
[BlackFideId "12100293"]
[EventDate "2025.12.29"]

1. e4 c6 2. d4 d5 3. Nc3 dxe4 4. Nxe4 Nf6 5. Nxf6+ exf6 6. c3 Bd6 7. Bd3 Na6 8.
Nf3 Nc7 9. O-O O-O 10. c4 Bg4 11. Be3 Re8 12. h3 Bh5 13. Be2 Ne6 14. Qd2 Qc7 15.
Rfd1 Rad8 16. Rac1 Nf4 17. c5 Nxe2+ 18. Qxe2 Bf8 19. g4 Bg6 20. b4 Be4 21. Nd2
Bd5 22. a4 Qd7 23. Nb1 f5 24. gxf5 Qxf5 25. Qg4 Qxg4+ 26. hxg4 Bf3 27. Rd2 Bxg4
28. Nc3 Bf3 29. Kh2 f5 30. Kg3 Be4 31. f3 Bd5 32. Kf2 Bf7 33. Rcd1 Be7 34. Bf4
Bf6 35. Bd6 Rxd6 36. cxd6 Rd8 37. Ne2 Rxd6 38. Rc1 g5 39. Rc5 Bd5 40. Nc3 Bb3
41. Rxf5 Rxd4 42. Re2 Rd6 43. Ne4 Bd4+ 44. Kg2 Re6 45. Rxg5+ Kf7 46. Rd2 Be3 47.
Rd7+ Ke8 48. Rgg7 Rg6+ 49. Rxg6 hxg6 50. Rxb7 Bxa4 51. Nc5 Bxc5 52. bxc5 a6 53.
Ra7 Bb5 54. Kg3 Kd8 55. Kf4 Kc8 56. Ke3 Kb8 57. Rg7 a5 58. Rxg6 a4 59. Rg1 Ka7
60. Kd4 Ka6 61. f4 Be2 62. f5 Kb5 63. Rb1+ Ka5 64. f6 Bh5 65. Rb6 a3 66. Kc3 a2
67. Kb2 Bf7 68. Rxc6 Kb5 69. Rc7 1-0

[Event "World Blitz 2025"]
[Site "Doha QAT"]
[Date "2025.12.30"]
[Round "19.83"]
[White "Alhassadi, Yousef A."]
[Black "Wafa, Hamed"]
[Result "0-1"]
[WhiteTitle "FM"]
[BlackTitle "IM"]
[WhiteElo "2098"]
[BlackElo "2373"]
[WhiteFideId "9204725"]
[BlackFideId "10628452"]
[EventDate "2025.12.29"]

1. e4 d6 2. d4 Nf6 3. Nc3 e5 4. Nf3 Nbd7 5. Rg1 c6 6. g4 h6 7. Be3 b5 8. a3 a5
9. h4 g6 10. g5 hxg5 11. hxg5 Nh5 12. d5 cxd5 13. Nxd5 Rb8 14. Qd2 Bg7 15. Be2
O-O 16. O-O-O b4 17. a4 b3 18. c3 Bb7 19. Nh4 Nf4 20. Nxf4 exf4 21. Bxf4 Bxe4
22. Qxd6 Rb7 23. Bb5 Qa8 24. Bxd7 Bxc3 25. f3 Rb4 26. fxe4 Qxe4 27. Qd3 Qxf4+
28. Kb1 Bg7 29. Ng2 Qe5 30. Ne3 Qxb2# 0-1

[Event "World Blitz 2025"]
[Site "Doha QAT"]
[Date "2025.12.30"]
[Round "19.84"]
[White "Rami, Talab"]
[Black "Suleymenov, Alisher"]
[Result "0-1"]
[BlackTitle "GM"]
[WhiteElo "2173"]
[BlackElo "2505"]
[WhiteFideId "7609787"]
[BlackFideId "13707833"]
[EventDate "2025.12.29"]

1. d4 Nf6 2. Nf3 g6 3. c4 Bg7 4. Nc3 d5 5. g3 O-O 6. Bg2 dxc4 7. Qa4 Nc6 8. Qxc4
Nd7 9. e3 Nb6 10. Qe2 e5 11. Nxe5 Nxe5 12. dxe5 Bxe5 13. O-O c6 14. Rd1 Qe7 15.
Qc2 Bg4 16. Re1 Rad8 17. e4 Rfe8 18. Be3 Nc4 19. h3 Nxe3 20. Rxe3 Be6 21. Ree1
Qc5 22. Kh2 Bd4 23. f4 b5 24. a3 a5 25. Rac1 a4 26. Ne2 Qxc2 27. Rxc2 Bg7 28. e5
Bb3 29. Rxc6 Rd2 30. Nc3 Rxb2 31. Re2 Rxe2 32. Nxe2 Rd8 33. Nc3 Bf8 34. Nxb5 Rd2
35. Nc3 Bxa3 36. Kh1 Bb4 37. Ne4 Rd1+ 38. Kh2 a3 39. Rc8+ Kg7 40. Nf6 Bf8 41.
Ne8+ Kh6 42. g4 a2 43. Nf6 0-1

[Event "World Blitz 2025"]
[Site "Doha QAT"]
[Date "2025.12.30"]
[Round "19.109"]
[White "Ezat, Mohamed"]
[Black "Anwoir, Tarik"]
[Result "1-0"]
[WhiteTitle "IM"]
[WhiteElo "2294"]
[BlackElo "2098"]
[WhiteFideId "10600906"]
[BlackFideId "9004904"]
[EventDate "2025.12.29"]

1. d4 Nf6 2. c4 c6 3. Nc3 d5 4. cxd5 Nxd5 5. e4 Nxc3 6. bxc3 g6 7. Nf3 Bg7 8. h3
c5 9. Bb5+ Bd7 10. a4 cxd4 11. cxd4 a6 12. Bxd7+ Nxd7 13. O-O O-O 14. Rb1 b6 15.
e5 e6 16. Ng5 Rb8 17. Ne4 b5 18. axb5 axb5 19. Ba3 Qh4 20. Qf3 Rfc8 21. Nd6 Rf8
22. Nxb5 Rfd8 23. Nd6 Qe7 24. Nf5 Qe8 25. Nd6 Qe7 26. Nb7 Qh4 27. Nxd8 Rxd8 28.
Rfd1 Bf8 29. Bxf8 Rxf8 30. Rb7 Qd8 31. Rc1 Nb6 32. Rcc7 Qxd4 33. Rxf7 Qa1+ 34.
Kh2 Qxe5+ 35. g3 1-0

[Event "World Blitz 2025"]
[Site "Doha QAT"]
[Date "2025.12.30"]
[Round "19.110"]
[White "Phuyal, Aashish"]
[Black "Grafl, Florian"]
[Result "0-1"]
[BlackTitle "IM"]
[WhiteElo "1955"]
[BlackElo "2343"]
[WhiteFideId "12312649"]
[BlackFideId "4645715"]
[EventDate "2025.12.29"]

1. e4 d5 2. exd5 Qxd5 3. Nc3 Qd6 4. Nf3 Nf6 5. Be2 a6 6. O-O Nc6 7. d3 Bf5 8.
Bg5 O-O-O 9. Bh4 e6 10. Bg3 Qd7 11. Ne5 Nxe5 12. Bxe5 Bd6 13. Bxd6 Qxd6 14. Bf3
g5 15. Ne4 Nxe4 16. Bxe4 Bxe4 17. dxe4 Qf4 18. Qe1 Rd4 19. Rd1 Qxe4 20. Qxe4
Rxe4 21. Rd2 Rd8 22. Rxd8+ Kxd8 23. Rd1+ Ke7 24. Kf1 Re5 25. a4 Rc5 26. Rd2 f5
27. c3 Rc4 28. Ke2 Rxa4 29. Kd3 Ra5 30. Re2 Kd6 31. Kc2 Rd5 32. Re3 h5 33. h4 g4
34. g3 Re5 35. Rd3+ Kc6 36. Rd2 Re1 37. Kd3 Kd6 38. Kd4 Ke7 39. Kc5 Re5+ 40. Kc4
a5 41. Kb3 b5 42. Kc2 a4 43. Kc1 c5 44. Kb1 b4 45. Kc2 b3+ 0-1

[Event "World Blitz 2025"]
[Site "Doha QAT"]
[Date "2025.12.30"]
[Round "19.111"]
[White "Tissir, Mohamed"]
[Black "Musovic, Armin"]
[Result "0-1"]
[WhiteTitle "IM"]
[BlackTitle "FM"]
[WhiteElo "2293"]
[BlackElo "2190"]
[WhiteFideId "9000240"]
[BlackFideId "939935"]
[EventDate "2025.12.29"]

1. e4 c6 2. d4 g6 3. Nc3 Bg7 4. Nf3 d5 5. h3 dxe4 6. Nxe4 Nf6 7. Bd3 Na6 8. c3
O-O 9. O-O Nc7 10. Re1 Nxe4 11. Bxe4 Nd5 12. Bg5 Re8 13. Qd2 Nf6 14. Bc2 Be6 15.
Bh6 Qa5 16. Re5 Qb6 17. Bxg7 Kxg7 18. b4 Rad8 19. Rae1 Bxa2 20. Rxe7 Bd5 21.
Rxe8 Rxe8 22. Ne5 Qd8 23. c4 Be6 24. Qc3 Kg8 25. Bd1 Nd7 26. Nf3 f6 27. Bb3 Bf7
28. Ra1 a6 29. c5 Nf8 30. Bxf7+ Kxf7 31. Re1 Rxe1+ 32. Qxe1 Qd5 33. Qe3 Ne6 34.
h4 Ng7 35. Qf4 Ne6 36. Qb8 Qd7 37. Qh8 Nf8 38. h5 gxh5 39. g3 Qg4 40. Nh4 Qd1+
41. Kg2 Qxd4 42. f3 Qb2+ 43. Kh3 Qb1 44. Kg2 Qd3 45. Kh3 Qc2 46. Ng2 Qf5+ 47.
Kh2 Qxf3 48. Nf4 h4 0-1

[Event "World Blitz 2025"]
[Site "Doha QAT"]
[Date "2025.12.30"]
[Round "19.112"]
[White "Muntean, Victor"]
[Black "Alrehaili, Ahmed Abdullah S"]
[Result "0-1"]
[BlackTitle "FM"]
[WhiteElo "2169"]
[BlackElo "2106"]
[WhiteFideId "1054414"]
[BlackFideId "21518840"]
[EventDate "2025.12.29"]

1. e4 e5 2. Nf3 Nc6 3. d4 exd4 4. Bd3 Bc5 5. a3 a5 6. e5 h6 7. O-O Nge7 8. c3
dxc3 9. Nxc3 d5 10. exd6 Bxd6 11. Re1 O-O 12. Ne4 Bg4 13. Bxh6 Bxf3 14. Qxf3 Ne5
15. Qg3 Nf5 16. Nf6+ Qxf6 17. Bxf5 Qxh6 18. Rxe5 Rae8 19. f4 Bxe5 20. fxe5 g6
21. Be4 c6 22. Rf1 Re6 23. Bc2 Qg7 24. Re1 Rfe8 25. Bb3 Rxe5 26. Rf1 Rf5 27.
Rxf5 gxf5 28. Qf2 Qe5 29. Bc2 Qe1+ 30. Qxe1 Rxe1+ 31. Kf2 Re5 32. Bd3 Kg7 33.
Kf3 Kf6 34. h4 a4 35. g3 Rd5 36. Ke3 b5 37. Be2 Re5+ 38. Kd3 c5 39. Bf3 Re6 40.
Kd2 Ke5 41. Bb7 f4 42. gxf4+ Kxf4 43. Kc3 Kg4 44. Bc8 Kxh4 45. Bxe6 fxe6 46. Kd3
Kg5 47. Ke4 Kf6 48. Kf4 e5+ 49. Ke4 Ke6 0-1

[Event "World Blitz 2025"]
[Site "Doha QAT"]
[Date "2025.12.30"]
[Round "19.113"]
[White "Nainys, Zanas"]
[Black "Khayat, Emad"]
[Result "1-0"]
[WhiteElo "2307"]
[BlackElo "1927"]
[WhiteFideId "12844098"]
[BlackFideId "21518076"]
[EventDate "2025.12.29"]

1. d4 Nf6 2. c3 d5 3. Bf4 c5 4. e3 e6 5. Nf3 Bd6 6. Bb5+ Nc6 7. Bg3 O-O 8. Bxc6
bxc6 9. Qa4 Bxg3 10. hxg3 cxd4 11. exd4 Qb6 12. Qa3 Ba6 13. Nbd2 Rab8 14. O-O-O
Rfc8 15. b4 Bb5 16. Ne5 a5 17. Qxa5 Qxa5 18. bxa5 Ra8 19. Nb3 Ne4 20. Nd7 Nxc3
21. Nb6 Nxd1 22. Rxd1 Rab8 23. Nxc8 Rxc8 24. Kb2 Ra8 25. Kc3 Kf8 26. Kb4 Ke7 27.
Kc5 Ba4 28. Kb6 Kd6 29. Rc1 Rb8+ 30. Ka7 Rb4 31. Nc5 Rxd4 32. a6 Rc4 33. Rxc4
dxc4 34. Kb6 c3 35. a7 c2 36. a8=Q c1=Q 37. Qd8+ Ke5 38. Nd3+ 1-0